000 00346nam a2200157Ia 4500
003 Ost
005 20260225132552.0
008 260225s9999||||xx |||||||||||||| ||und||
040 _cfsic
041 _afre
082 _a440
100 _aJaques Pohl
_eAuteur
245 0 _aL'homme et le signifiant /
245 0 _cJaques Pohl
942 _cكتاب
999 _c34232
_d34232